000 01045nam a22002417a 4500
005 20110624115843.0
010 _aB-430958
020 _a9780195672008
_c395.00
035 _aB-430958
037 _bOxford University Press
037 _bAllied Pub/Ven
082 _a307.720954
245 _aThe village in India /
_cedited by Vandana Madan
260 _aNew Delhi
_bOxford University Press
_c2010
270 _aYMCA Library Building, Jai Singh Road
_bNew Delhi
_e110001
300 _axv, 477p.
_c24cm(pbk)
500 _aIncludes index
700 _aMadan, Vandana
_928765
942 _2ddc
_cEN
_mVIL
_h307.720954
999 _c53146
_d53146